000 00233nam a2200097Ia 4500
008 200302s9999 xx 000 0 und d
100 _at p Issar
245 _aBlossoms of Bangalore
260 _bUnited Breweries Group
300 _a194 P.,
999 _c1036
_d1036